| 000 | 00378nam a22001337a 4500 | ||
|---|---|---|---|
| 082 |
_a624 _bHAS |
||
| 100 |
_aAbul Hasan _943805 |
||
| 245 |
_aVoice of civil engineering _cAbul Hasan |
||
| 260 |
_a (Lahore :) _bPrince Book Depot, _c1992 |
||
| 300 |
_axv, 1412 p. _b: ill., diagrs., tabs |
||
| 526 |
_a0 _b0 _c0 _d624_000000000000000_HAS |
||
| 650 |
_a1992 _943806 |
||
| 942 |
_2ddc _cBK |
||
| 999 |
_c547660 _d547660 |
||